000 00527cam a22002054a 4500
005 20250605164245.0
008 250528s ||||||||||||||||||||||||d
035 _a21491
020 _a9780538800037
040 _aGR-AtMCL
_bgre
_dGR-AtMCL
_eAACR2
245 1 _aTHE CULTURAL ENVIROMENT OF INTERNATIONAL BUSINESS
250 _a3
260 _bSouth-Western Publishing Co,
_c1991
300 _a252
700 1 _aDavid Kenneth
_93091
700 1 _aTerpstra Vern
_91750
942 _cBK
999 _c6553
_d6553